Devinettes - Série 04 - Statistiques

Statistiques générales
  • Ce quiz a été pris 368 fois
  • Le résultat moyen est 7 sur 10
Statistiques - réponses
Définition Indice Solution % Correct
Monsieur et Madame Proviste ont un fils, comment s'appelle t-il ? 5A Alain
93%
Monsieur et madame Coptère ont un fils, comment s'appelle-t-il? 4E Elie
93%
Monsieur et madame Transcène ont un fils, comment s'appelle-t-il ? 4J Jean
87%
Monsieur et madame vié ont un fils. Comment s' appelle-t-il ? 4J Jean
87%
Monsieur et Madame Mentsoif ont un fils, comment s'appelle t'il ? 6G Gerard
79%
Monsieur et Madame Orléfrites ont une fille, quel est son prénom ? 4J Jade
75%
Monsieur et Madame stick on une fille, comment s'appelle t-elle ? 4E Ella
66%
Messieurs et madame Arne ont un fils, comment s'appellent-il ? 3L Luc
57%
Monsieur et madame Onette ont une fille. Comment s'appelle-t-elle ? 5M Marie
53%
Monsieur et Madame Touille ont un fils, comment s' appelle t'il ? 5S Sacha
46%
Aucun quiz correspondant
Distribution des résultats
% des personnes avec chaque résultat
Percentile par nombre de réponses
Votre historique - résultats
Vous n’avez pas pris ce quiz